00399nam a2200121Ia 4500008004100000040001500041041001200056082001900068100002300087245011500110260003500225300001700260230917s9999||||xx |||||||||||||| ||und|| e7052aMAIN aEnglish a320.50954 S23M aSuda, Jyoti Prasad 0aMain currents of social & Political thought in modern India, V3-Socialist, democratic, and communal traditions aMeerutbJai Prakash Nathc1966 aviii, 674 p.